000 00395nam a2200157Ia 4500
008 221030s9999 xx 000 0 und d
041 _aEnglish
082 _a105.23
_bYad
100 _aD. S. Yadav
245 0 _aFoundations of Information Technology
_cby D. S. Yadav
250 _a3rd
260 _bNew Age International Pub.
_aNew Delhi
_c2005
300 _a463
650 _aIT
942 _cBK
999 _c2230
_d2230